000 00909cam a22002291 4500
001 sd 40000171
003 DLC
005 20260227112733.0
008 870421s1937 fr c 000 0 fre c
010 _asd 40000171
035 _a(OCoLC)15562290
040 _aU.S. Dept. of State Library
_cDGW
_dDLC
042 _apremarc
050 0 0 _aJX1930
_b.U5 1937
111 2 _aUniversal Peace Congress
_n(32d :
_d1937 :
_cParis)
245 1 0 _aDocuments officiels.
260 _aParis,
_bDélégation permanente des sociétés françaises de la paix, Conseil national de la paix; [etc.,etc.
_c1937?]
300 _a308 p
_bfold. plates (ports.)
_c26 cm.
500 _aAt head of title: XXXIIe Congrés universel de la paix. Paris de la Sorbonne et Maison des artes et métiers, 24-29 août 1937.
500 _aText mainly in French; the resolutions are in French, English and German.
650 0 _aPeace
_vCongresses.
999 _c89857
_d89857